Erkenne die Stadt an ihren Merkmalen Teil 2 - Statistiken

Allgemein
  • Dieses Quiz wurde 225 mal gespielt
    100 seit der letzten Aktualisierung
  • Das Durchschnittsergebnis liegt bei 8 aus 14
Antwortstatistiken
Hint Antwort % Korrekt
Hier liegt die europäische Zentralbank Frankfurt
98%
Zweitgrößte Stadt Hamburg
89%
Hauptstadt von Sachsen-Anhalt Magdeburg
85%
Autokennzeichen: J (Thüringen) Jena
83%
Diese Großstadt liegt direkt neben Berlin Potsdam
75%
Ulm und _____-Ulm Neu
69%
Da befindet sich das Holstentor Lübeck
61%
Mittigstes Bundesland Thüringen
58%
Liegt am Bodensee und direkt an der Schweiz Konstanz
49%
Diese Stadt Liegt neben Österreich (Donau und Inn) Passau
42%
Südlichste Großstadt in Niedersachsen Göttingen
36%
Älteste Kirche deutschlands Trier
27%
Die fünftschönste Stadt deutschlands Heidelberg
16%
Aus dieser Stadt kam das erst YT-Video (Sachsen-Anhalt) Merseburg
3%
Keine übereinstimmenden Quizze gefunden
Verteilung der Resultate
Anzahl Personen mit jedem Resultat
Perzentil nach korrekt beantworteten Fragen
Ihre Resultats-Entwicklung
Sie haben dieses Quiz seit der letzten Aktualisierung nicht gespielt